000 00302nam a22001337a 4500
008 170221b xxu||||| |||| 00| 0 eng d
020 _a9780135077597
041 _aeng
080 _23ED
_a615
100 _a5
101 _aSHF
245 _aCORE CONCEPTS IN PHARMACOLOGY
_cHOLLAND.L.N
942 _2udc
_cBK
999 _c6007
_d6007